[Event "KATOWICE OPEN 2019"]
[Site "SchemingMind.com"]
[Date "2019.10.16"]
[Round "-"]
[White "Phillip Beckett"]
[Black "Mihir Chandrashekhar"]
[Result "1/2-1/2"]
[WhiteCountry "ENG"]
[BlackCountry "IND"]
[WhiteElo "1503"]
[WhiteRD "52"]
[BlackElo "1862"]
[BlackRD "51"]
[GameID "446925"]

1. e4 d5 2. exd5 Qxd5 3. Nc3 Qa5 4. Nf3 Bg4 5. Be2 e6 6. O-O Nf6 7. h3 Bh5 8. d3 c6 9. Bd2 Nbd7 10. Ne4 Qc7
11. Ng3 Bxf3 12. Bxf3 Bd6 13. Ne4 Nxe4 14. Bxe4 Nf6 15. Bf3 O-O 16. c3 Rfd8 17. d4 e5 18. dxe5 Bxe5 19. Qc2 h6 20. Be3 Nd5
21. Bxd5 Rxd5 22. Rad1 Rad8 23. Rxd5 Rxd5 24. Rd1 Rxd1+ 25. Qxd1 a6 26. Qd2 Qd6=
1/2-1/2

[Event "KATOWICE OPEN 2019"]
[Site "SchemingMind.com"]
[Date "2019.10.11"]
[Round "-"]
[White "Matthew Bailey"]
[Black "Phillip Beckett"]
[Result "1-0"]
[WhiteCountry "ENG"]
[BlackCountry "ENG"]
[WhiteElo "2303"]
[WhiteRD "62"]
[BlackElo "1497"]
[BlackRD "51"]
[GameID "446926"]

1. c4 e5 2. g3 Nf6 3. Bg2 d5 4. cxd5 Nxd5 5. Nf3 Nc6 6. O-O Be6 7. Nc3 f6 8. Qb3 Qd7 9. Nxd5 Bxd5 10. Nxe5 Bxb3
11. Nxd7 Kxd7 12. axb3 a6 13. d4 Re8 14. e3 Bb4 15. Ra4 Bd6 16. Bd2 Nd8 17. h4 Re7 18. e4 Rhe8 19. Bh3+ Ne6 20. d5
1-0

[Event "KATOWICE OPEN 2019"]
[Site "SchemingMind.com"]
[Date "2019.10.11"]
[Round "-"]
[White "Arnold Jones"]
[Black "Phillip Beckett"]
[Result "1/2-1/2"]
[WhiteCountry "ENG"]
[BlackCountry "ENG"]
[WhiteElo "1457"]
[WhiteRD "65"]
[BlackElo "1497"]
[BlackRD "51"]
[GameID "446927"]

1. d4 d5 2. Nf3 Nf6 3. e3 e6 4. c4 c5 5. Nc3 cxd4 6. exd4 Be7 7. Bf4 dxc4 8. Bxc4 Nbd7 9. O-O Nb6 10. Bb5+ Bd7
11. Bxd7+ Qxd7 12. Ne5 Qc8 13. Rc1 O-O 14. Nd5 Qd8 15. Nc3 Rc8 16. Qe2 Nbd5 17. Nxd5 Nxd5 18. Be3 Bf6 19. Rxc8 Qxc8 20. Rc1 Qd8
21. Qb5 Bxe5 22. dxe5 Nb6 23. Bxb6 axb6 24. a4 Qd5 25. g3 Qxb5 26. axb5 Rd8 27. Kg2 Kf8 28. Rc2 Rd7 29. f4 Ke8 30. h4 Kd8
31. b4 Rc7 32. Rxc7 Kxc7 33. Kh3 Kd7=
1/2-1/2

[Event "KATOWICE OPEN 2019"]
[Site "SchemingMind.com"]
[Date "2019.10.16"]
[Round "-"]
[White "David Perna-Fraser"]
[Black "Phillip Beckett"]
[Result "1/2-1/2"]
[WhiteCountry "CAN"]
[BlackCountry "ENG"]
[WhiteElo "1927"]
[WhiteRD "71"]
[BlackElo "1533"]
[BlackRD "50"]
[GameID "446928"]

1. e4 e5 2. Nf3 Nc6 3. Bc4 Nf6 4. d3 Be7 5. O-O d6 6. c3 O-O 7. h3 h6 8. Be3 Nh7 9. Qc1 Ng5 10. Nxg5 Bxg5
11. Bxg5 Qxg5 12. Qxg5 hxg5 13. Nd2 Kh7 14. Nf3 f6 15. b4 Bd7 16. a4 Ne7 17. d4 Nc6 18. dxe5 Nxe5 19. Nxe5 dxe5 20. Rfd1 Bc6
21. f3 Rfd8 22. b5 Be8 23. Kf2 g6 24. Ke3 c6 25. Rab1 cxb5 26. Bxb5 Bxb5 27. axb5 Kg7 28. Rd5 Kf7 29. Rbd1 Ke7 30. c4 Rxd5
31. exd5 Kd6 32. Rc1 Rc8 33. Kd3 b6 34. Ra1 Rc7 35. Ra4 f5=
1/2-1/2

[Event "KATOWICE OPEN 2019"]
[Site "SchemingMind.com"]
[Date "2019.10.11"]
[Round "-"]
[White "Raymond de Kemp"]
[Black "Phillip Beckett"]
[Result "1-0"]
[WhiteCountry "NED"]
[BlackCountry "ENG"]
[WhiteElo "1743"]
[WhiteRD "80"]
[BlackElo "1503"]
[BlackRD "52"]
[GameID "446929"]

1. d4 d5 2. Nf3 Nf6 3. Bg5 e6 4. e3 Be7 5. Bd3 h6 6. Bh4 O-O 7. Nbd2 c5 8. dxc5 Bxc5 9. c3 Be7 10. Qc2 Nc6
11. h3 Nd7 12. Bg3 Nc5 13. Be2 Bd6 14. Bxd6 Qxd6 15. O-O-O Ne5 16. Nxe5 Qxe5 17. f4 Qf6 18. Nf3 Bd7 19. Rd4 Rfc8 20. Ne5 Bc6
21. Bh5 Nd7 22. Bxf7+ Kf8 23. Nxd7+ Bxd7 24. Bh5 b5 25. Rf1 Kg8 26. Qe2 a5 27. Kb1 b4 28. cxb4 axb4 29. Rxb4 Ba4 30. Bf3 Bc2+
31. Ka1 Rcb8 32. Rxb8+ Rxb8 33. Qxc2 e5 34. Bxd5+ Kh8 35. Qe2 exf4 36. Rxf4 Qb6 37. a3 Re8 38. e4 Qd4 39. Qf3 Rb8 40. Rf8+ Rxf8
41. Qxf8+ Kh7 42. Bg8+ Kg6 43. Qf5#
1-0

[Event "KATOWICE OPEN 2019"]
[Site "SchemingMind.com"]
[Date "2019.10.12"]
[Round "-"]
[White "Geoffrey Rosser"]
[Black "Nouveau L"]
[Result "1-0"]
[WhiteCountry "ENG"]
[BlackCountry "FRA"]
[WhiteElo "2007"]
[WhiteRD "60"]
[BlackElo "1812"]
[BlackRD "81"]
[GameID "446944"]

1. e4 e5 2. Nf3 Nc6 3. d4 exd4 4. Nxd4 Nf6 5. Nxc6 bxc6 6. Nc3 Bb4 7. Bd2 Qe7 8. f3 Nd5 9. Be2 Nxc3 10. Bxc3 Bxc3+
11. bxc3 O-O 12. O-O d6 13. Bd3 Qe5 14. Qe1 Be6 15. f4 Qc5+ 16. Kh1 f6 17. f5
1-0

[Event "KATOWICE OPEN 2019"]
[Site "SchemingMind.com"]
[Date "2019.10.12"]
[Round "-"]
[White "Nouveau L"]
[Black "David Perna-Fraser"]
[Result "0-1"]
[WhiteCountry "FRA"]
[BlackCountry "CAN"]
[WhiteElo "1812"]
[WhiteRD "81"]
[BlackElo "1944"]
[BlackRD "67"]
[GameID "446945"]

1. e4 e5 2. Nf3 f5 3. Nxe5 Qf6 4. Nc4 fxe4 5. Nc3 Ne7 6. Ne3 d5 7. Nexd5 Nxd5 8. Qh5+ g6 9. Qxd5 Nc6 10. Nxe4 Qe7
0-1

[Event "KATOWICE OPEN 2019"]
[Site "SchemingMind.com"]
[Date "2019.10.12"]
[Round "-"]
[White "Phillip Beckett"]
[Black "Nouveau L"]
[Result "0-1"]
[WhiteCountry "ENG"]
[BlackCountry "FRA"]
[WhiteElo "1497"]
[WhiteRD "51"]
[BlackElo "2071"]
[BlackRD "86"]
[GameID "446946"]

1. d4 Nf6 2. c4 e6 3. Nc3 Bb4 4. Qc2 O-O 5. a3 Bxc3+ 6. bxc3 Re8 7. e4 e5 8. d5 d6 9. f3 Na6 10. Bg5 Nc5
11. h4 Bd7 12. g4 Ba4 13. Qd2 b6 14. Bxf6 Qxf6 15. g5 Qe7 16. h5 Nb3 17. Qa2 Nxa1 18. Qxa1 Qxg5 19. Nh3 Qe3+ 20. Be2 f5
0-1

[Event "KATOWICE OPEN 2019"]
[Site "SchemingMind.com"]
[Date "2019.10.12"]
[Round "-"]
[White "Nouveau L"]
[Black "Goz"]
[Result "0-1"]
[WhiteCountry "FRA"]
[BlackCountry "ENG"]
[WhiteElo "1812"]
[WhiteRD "81"]
[BlackElo "1611"]
[BlackRD "76"]
[GameID "446947"]

1. e4 e5 2. Nf3 d6 3. d4 exd4 4. Nxd4 Nf6 5. Nc3 b6 6. Bb5+ Bd7 7. Bxd7+ Qxd7 8. Bg5 Be7 9. Nf5 Nxe4 10. Nxg7+ Kf8
11. Bh6 Kg8 12. Nxe4 Kf8 13. Qd4 f5 14. Nh5+ Kf7 15. Qg7+ Ke6
0-1

[Event "KATOWICE OPEN 2019"]
[Site "SchemingMind.com"]
[Date "2019.10.14"]
[Round "-"]
[White "Janusz Szopa"]
[Black "Nouveau L"]
[Result "1-0"]
[WhiteCountry "POL"]
[BlackCountry "FRA"]
[WhiteElo "2447"]
[WhiteRD "98"]
[BlackElo "1812"]
[BlackRD "81"]
[GameID "446948"]

1. e4 e5 2. Nf3 Nc6 3. Bc4 Bc5 4. c3 Nf6 5. d4 exd4 6. cxd4 Bb4+ 7. Bd2 Bxd2+ 8. Nbxd2 d5 9. exd5 Nxd5 10. O-O O-O
11. Re1 Nb6 12. Bb3 Nxd4 13. Nxd4 Qxd4 14. Qc2 c6 15. Ne4
1-0

[Event "KATOWICE OPEN 2019"]
[Site "SchemingMind.com"]
[Date "2019.10.12"]
[Round "-"]
[White "Nouveau L"]
[Black "Matthew Bailey"]
[Result "0-1"]
[WhiteCountry "FRA"]
[BlackCountry "ENG"]
[WhiteElo "1812"]
[WhiteRD "81"]
[BlackElo "2424"]
[BlackRD "62"]
[GameID "446950"]

1. e4 c5 2. Nf3 d6 3. d4 cxd4 4. Nxd4 Nf6 5. Nc3 a6 6. Be3 e6 7. f3 b5 8. Qd2 Nbd7 9. g4 b4 10. Nce2 h6
11. O-O-O Qc7 12. h4 d5 13. Bf4 e5 14. Bh2 dxe4 15. g5 hxg5 16. hxg5 Rxh2 17. Rxh2 exd4 18. Rh8 Nd5
0-1

[Event "KATOWICE OPEN 2019"]
[Site "SchemingMind.com"]
[Date "2019.10.12"]
[Round "-"]
[White "Nouveau L"]
[Black "Arnold Jones"]
[Result "0-1"]
[WhiteCountry "FRA"]
[BlackCountry "ENG"]
[WhiteElo "1812"]
[WhiteRD "81"]
[BlackElo "1615"]
[BlackRD "66"]
[GameID "446951"]

1. e4 c5 2. Nf3 d6 3. d4 Bg4 4. dxc5 Bxf3 5. Qxf3 e5 6. Qb3 Qc7 7. Nc3 Nf6 8. Nb5 Qxc5 9. Be3 Qc8 10. Nxa7 Rxa7
11. Bxa7 Nbd7 12. f3 Be7 13. Be3 Nc5 14. Bb5+ Kf8 15. Qc3 Qc7 16. O-O-O Na6 17. Bxa6 Qxc3 18. bxc3 bxa6 19. Kd2 d5 20. Rb1 Bd6
21. exd5 Ke7 22. Rb7+ Nd7 23. Rhb1 Ra8
0-1

[Event "KATOWICE OPEN 2019"]
[Site "SchemingMind.com"]
[Date "2019.10.13"]
[Round "-"]
[White "namloc"]
[Black "Geoffrey Rosser"]
[Result "0-1"]
[WhiteCountry "IRL"]
[BlackCountry "ENG"]
[WhiteElo "1652"]
[WhiteRD "136"]
[BlackElo "1919"]
[BlackRD "66"]
[GameID "446969"]

1. e4 e5 2. Nf3 Nc6 3. Bc4 Nf6 4. Ng5 d5 5. exd5 Na5 6. Bb5+ c6 7. dxc6 bxc6 8. Bd3 Nd5 9. h4 Nf6 10. b3 Qd4
11. O-O Qxh4 12. Nf3 Qh5 13. Nxe5 Bg4 14. Qe1 Be7 15. Ba3 Bxa3 16. Nxc6+ Be6 17. Nxa5 Ng4
0-1

[Event "KATOWICE OPEN 2019"]
[Site "SchemingMind.com"]
[Date "2019.10.13"]
[Round "-"]
[White "namloc"]
[Black "Janusz Szopa"]
[Result "0-1"]
[WhiteCountry "IRL"]
[BlackCountry "POL"]
[WhiteElo "1694"]
[WhiteRD "111"]
[BlackElo "2447"]
[BlackRD "98"]
[GameID "446970"]

1. e4 c5 2. Nf3 d6 3. d4 cxd4 4. Nxd4 Nf6 5. Nc3 a6 6. Be3 e5 7. Nb3 Be6 8. Qd2 Be7 9. O-O-O O-O 10. f3 Nbd7
11. g4 b5 12. g5 b4 13. Ne2 Ne8 14. Rg1 a5 15. f4 a4 16. Na1 Bxa2
0-1

[Event "KATOWICE OPEN 2019"]
[Site "SchemingMind.com"]
[Date "2019.10.13"]
[Round "-"]
[White "Matthew Bailey"]
[Black "namloc"]
[Result "1-0"]
[WhiteCountry "ENG"]
[BlackCountry "IRL"]
[WhiteElo "2424"]
[WhiteRD "62"]
[BlackElo "1694"]
[BlackRD "111"]
[GameID "446972"]

1. c4 Nf6 2. d4 e6 3. Nf3 b6 4. Nc3 Bb7 5. a3 d5 6. cxd5 Nxd5 7. e3 Nxc3 8. bxc3 Bd6 9. Bb5+ Nd7 10. Qe2 O-O
11. e4 a6 12. Bd3 e5 13. O-O h6 14. Bc2 Re8 15. Rd1 Qf6 16. d5 c6 17. c4 cxd5 18. cxd5 a5 19. Bd3 Nc5 20. Bb5 Rf8
21. Nd2 Qg6 22. a4 Bc8 23. Ba3 f5 24. Nc4 fxe4 25. Qe3 Bg4 26. Qg3
1-0

[Event "KATOWICE OPEN 2019"]
[Site "SchemingMind.com"]
[Date "2019.10.13"]
[Round "-"]
[White "Arnold Jones"]
[Black "namloc"]
[Result "0-1"]
[WhiteCountry "ENG"]
[BlackCountry "IRL"]
[WhiteElo "1457"]
[WhiteRD "65"]
[BlackElo "1652"]
[BlackRD "136"]
[GameID "446973"]

1. d4 Nf6 2. c4 e6 3. Nf3 b6 4. Bg5 Bb7 5. d5 Bb4+ 6. Nc3 Bxc3+ 7. bxc3 exd5 8. cxd5 Bxd5 9. Bxf6 Qxf6 10. Nd4 O-O
11. e3 c5 12. c4 cxd4 13. cxd5 dxe3 14. fxe3 Re8 15. Qc1 Rxe3+ 16. Be2 Rxe2+ 17. Kxe2 Nc6 18. dxc6 Re8+ 19. Kd1 Qd4+ 20. Kc2 Re2+
21. Kb1 Qb4+
0-1

[Event "KATOWICE OPEN 2019"]
[Site "SchemingMind.com"]
[Date "2019.10.13"]
[Round "-"]
[White "Phillip Beckett"]
[Black "namloc"]
[Result "0-1"]
[WhiteCountry "ENG"]
[BlackCountry "IRL"]
[WhiteElo "1497"]
[WhiteRD "51"]
[BlackElo "1652"]
[BlackRD "136"]
[GameID "446974"]

1. d4 Nf6 2. c4 e6 3. Nc3 Bb4 4. a3 Bxc3+ 5. bxc3 b6 6. Bg5 Bb7 7. e3 d6 8. Nf3 Nbd7 9. Bd3 h6 10. Bh4 g5
11. Bg3 h5 12. h3 h4 13. Bh2 Rg8 14. Qc2 Qe7 15. Bh7 Nxh7 16. Qxh7 O-O-O 17. O-O-O Nf6 18. Qc2 Be4 19. Qa4 Kb7 20. Kb2 g4
21. hxg4 Nxg4 22. d5 Nxf2 23. Qc6+ Kb8 24. c5 Nxd1+ 25. Rxd1 Rxg2+ 26. Ka1 Bxf3 27. cxd6 cxd6 28. Bxd6+ Rxd6
0-1

[Event "KATOWICE OPEN 2019"]
[Site "SchemingMind.com"]
[Date "2019.10.13"]
[Round "-"]
[White "Raymond de Kemp"]
[Black "namloc"]
[Result "1-0"]
[WhiteCountry "NED"]
[BlackCountry "IRL"]
[WhiteElo "1794"]
[WhiteRD "82"]
[BlackElo "1694"]
[BlackRD "111"]
[GameID "446978"]

1. e4 c5 2. Nc3 Nc6 3. f4 g6 4. Nf3 Bg7 5. Bc4 e6 6. f5 gxf5 7. d3 Nge7 8. O-O O-O 9. exf5 Nxf5 10. Ne2 d5
11. Bb5 Ncd4 12. c3
1-0